000 00506nam a2200205Ia 4500
003 GCL
008 140319s9999 xx 000 0 eng d
040 _aGCL /
_cGCL
082 0 4 _a730.92
_bM M
100 1 _aCHAPUIS, CATHERINE
245 1 0 _aMOORE /
_cCHAPUIS, CATHERINE
700 1 _aMONSEL, PHILIPPE
700 1 _aPOIGNET, SYLVIE
260 _a[S.N] :
_bCERCLE D' ART ،
_c1996
300 _a63 P
650 0 4 _aARTS
650 0 4 _aSCULPTOR
650 0 4 _aHENRY MORE, 1614 - 1687
942 _2ddc
_cBK
999 _c14738
_d14738